书目信息 |
| 题名: |
普通写作例文选
|
|
| 作者: | 路德庆 主编 | |
| 分册: | ||
| 出版信息: | 北京 高等教育出版社 1995.03 |
|
| 页数: | 346页 | |
| 开本: | 32开 | |
| 丛书名: | ||
| 单 册: | ||
| 中图分类: | H15 | |
| 科图分类: | ||
| 主题词: | 汉语--写作 , 汉语--修辞 | |
| 电子资源: | ||
| ISBN: | 7-04-005311-X | |
| 000 | 00572nam0 2200205 45 | |
| 001 | 0011210946 | |
| 005 | 20001121090548.1 | |
| 010 | @a7-04-005311-X@d11.50元 | |
| 100 | @a20001121d1995 km y0chiy0120 ea | |
| 101 | 0 | @achi |
| 105 | @a z 000yy | |
| 200 | 1 | @a普通写作例文选@APu Tong Xie Zuo Li Wen Xuan@f路德庆主编@FLu De Qing Zhu Bian |
| 210 | @a北京@c高等教育出版社@d1995.03 | |
| 215 | @a346页@d32开 | |
| 606 | 0 | @a汉语@x写作 |
| 606 | 0 | @a汉语@x修辞 |
| 690 | @aH15@v3 | |
| 701 | 0 | @a路德庆@4主编 |
| 801 | @aCN@bPftUser@c20001121 | |
| 905 | @b414254-256@dH15@eL676@f3 | |
| 普通写作例文选/路德庆主编.-北京:高等教育出版社,1995.03 |
| 346页;32开 |
| ISBN 7-04-005311-X:11.50元 |
| ● |
| 相关链接 |
|
|
|
正题名:普通写作例文选
索取号:H15/L676
 
预约/预借
| 序号 | 登录号 | 条形码 | 馆藏地/架位号 | 状态 | 备注 |
| 1 | 414254 | 204142542 | 语言库209/209语言库 73排4列6层/ [索取号:H15/L676] | 在馆 | |
| 2 | 414255 | 204142551 | 语言库209/209语言库 73排4列6层/ [索取号:H15/L676] | 在馆 | |
| 3 | 414256 | 204142560 | 语言库209/ [索取号:H15/L676] | 在馆 |